UM Logo

Masining na pagpapahayag (Retorika)/ (Record no. 1220)

MARC details
000 -LEADER
fixed length control field 00630nam a22001697a 4500
008 - FIXED-LENGTH DATA ELEMENTS--GENERAL INFORMATION
fixed length control field 160307b xxu||||| |||| 00| 0 eng d
020 ## - INTERNATIONAL STANDARD BOOK NUMBER
International Standard Book Number 978-971-725-179-0
082 ## - DEWEY DECIMAL CLASSIFICATION NUMBER
Edition number 2013
Classification number DFil 499.2118
Item number M37
245 ## - TITLE STATEMENT
Title Masining na pagpapahayag (Retorika)/
Statement of responsibility, etc. Aguilar, Reynaldo L. [and 3 others]
260 ## - PUBLICATION, DISTRIBUTION, ETC. (IMPRINT)
Place of publication, distribution, etc. Manila:
Name of publisher, distributor, etc. Grandbooks Publishing, Inc.,
Date of publication, distribution, etc. c2013.
300 ## - PHYSICAL DESCRIPTION
Extent 196 pages;
Dimensions 26 cm.
650 #0 - SUBJECT ADDED ENTRY--TOPICAL TERM
9 (RLIN) 3499
Topical term or geographic name as entry element Filipino language
General subdivision Rhetoric
650 #0 - SUBJECT ADDED ENTRY--TOPICAL TERM
9 (RLIN) 3498
Topical term or geographic name as entry element Filipino language
General subdivision composition and exercises
700 ## - ADDED ENTRY--PERSONAL NAME
9 (RLIN) 3500
Personal name Buenaventura, Ernesto M.; Ramos, Bernardo F.; Santos, Deogracia D.C.
365 ## - TRADE PRICE
Price amount 595.00
Currency code Php
942 ## - ADDED ENTRY ELEMENTS (KOHA)
Source of classification or shelving scheme Dewey Decimal Classification
Koha item type Filipiniana
Holdings
Withdrawn status Lost status Source of classification or shelving scheme Damaged status Not for loan Collection code Home library Current library Date acquired Source of acquisition Total Checkouts Full call number Barcode Date last seen Copy number Cost, replacement price Price effective from Koha item type Date last checked out
    Dewey Decimal Classification     Filipiniana UM Digos College - LIC UM Digos College - LIC 09/25/2014 Purchased   DFil 499.2118 M37 2013 22688 05/15/2025 2 595.00 03/07/2016 Filipiniana  
    Dewey Decimal Classification     Filipiniana UM Digos College - LIC UM Digos College - LIC 09/25/2014 Purchased 1 DFil 499.2118 M37 2013 22689 05/15/2025 3 595.00 03/07/2016 Filipiniana 04/19/2018
    Dewey Decimal Classification     Filipiniana UM Digos College - LIC UM Digos College - LIC 09/25/2014 Purchased   DFil 499.2118 M37 2013 22687 05/15/2025 1 595.00 03/07/2016 Filipiniana